Grammatical Terms Quiz Stats

 Plays Quiz Updated Nov 21, 2018

     
Support Sporcle.
Go Orange.
Score 0/12 Timer 04:00
0 Plays Today
Definition Term % Correct
A word used to describe a noun or pronounAdjective
92.3%
A word used to mean the opposite of another wordAntonym
81.6%
A word used to connect two words, phrases, or clausesConjunction
71.7%
'A', 'An', and 'The' are theseArticle
64.5%
An overstatement or exaggerated language that distorts factsHyperbole
60.4%
Words that share the same spelling and pronunciation but have different meaningsHomonym
44.9%
A word used to describe a verb, adjective, or adverbAdverb
43.2%
A verb which acts as a noun Gerund
34.5%
Expresses the highest degree of quality for an adjective or adverbSuperlative
32.2%
A word used to show the relation of a noun to an objectPreposition
18.9%
A verb form used as an adjectiveParticiple
16.1%
A word that is not clearly connected with the word it explainsDangling Modifier
8.2%

From the Vault

Vocabulary Blitz XLVIII

by iglew

Language 60s
You've only got a minute, so trying to cheat with a dictionary probably won't help too much.
Remove Ads.
Support Sporcle.
Get the best of Sporcle when you Go Orange. This ad-free experience offers more features, more stats, and more fun while also helping to support Sporcle. Thank you for becoming a member.

Show Comments

Extras

Top Quizzes Today


Score Distribution

Your Account Isn't Verified!

In order to create a playlist on Sporcle, you need to verify the email address you used during registration. Go to your Sporcle Settings to finish the process.

Report this User

Report this user for behavior that violates our Community Guidelines.

Details: